Central Library OPAC University of Rajshahi

যৌতুকের সংস্কৃতি / (Record no. 39380)

MARC details
000 -LEADER
fixed length control field 00910nam a2200241 a 4500
001 - CONTROL NUMBER
control field 39380
003 - CONTROL NUMBER IDENTIFIER
rucl marc code BD-RjUL
005 - DATE AND TIME OF LATEST TRANSACTION
control field 20211209052959.0
008 - FIXED-LENGTH DATA ELEMENTS--GENERAL INFORMATION
fixed length control field 160410b2006 bg ||||e |||| 00| 0 ben d
020 ## - INTERNATIONAL STANDARD BOOK NUMBER
International Standard Book Number 9840502794 :
Terms of availability tk. 300.00
035 ## - SYSTEM CONTROL NUMBER
System control number (BD-RjUL)39493
040 ## - CATALOGING SOURCE
Original cataloging agency BD-RjUL
Language of cataloging ben
Transcribing agency BD-RjUL
041 ## - LANGUAGE CODE
Language code of text/sound track or separate title ben
082 ## - DEWEY DECIMAL CLASSIFICATION NUMBER
Edition number 23
Classification number 891.443
Author mark and year BEJ 2006
100 ## - MAIN ENTRY--PERSONAL NAME
Personal name বেগম, মালেকা
9 (RLIN) 120329
245 10 - TITLE STATEMENT
Title যৌতুকের সংস্কৃতি /
Statement of responsibility, etc. মালেকা বেগম
260 ## - PUBLICATION, DISTRIBUTION, ETC. (IMPRINT)
Place of publication, distribution, etc. ঢাকা :
Name of publisher, distributor, etc. দি ইউনিভার্সিটি প্রেস,
Date of publication, distribution, etc. ২০০৬.
300 ## - PHYSICAL DESCRIPTION
Pagination [১৪], ৩০৫ পৃ. ;
Size ২১ সেমি.
504 ## - BIBLIOGRAPHY, ETC. NOTE
Bibliography, etc গ্রন্থপঞ্জি সংযুক্ত
650 ## - SUBJECT ADDED ENTRY--TOPICAL TERM
Topical term or geographic name as entry element বাংলা সাহিত্য
Form subdivision উপন্যাস
9 (RLIN) 116625
Topical term or geographic name as entry element Bengali Literature
Form subdivision Fiction
9 (RLIN) 116655
942 ## - ADDED ENTRY ELEMENTS (KOHA)
Source of classification or shelving scheme Dewey Decimal Classification
Koha item type Books
Holdings
Lost status Source of classification or shelving scheme Damaged status Not for loan Collection code Permanent Location Current Location Shelving location Date acquired Source of acquisition Cost, normal purchase price Total Checkouts Full call number Date last seen Copy number Koha item type Date checked out
  Dewey Decimal Classification   Not For Loan Fiction Central Library, University of Rajshahi Central Library, University of Rajshahi Reading Room 26/12/2013 Dhaka, prokashon 300.00   B 891.443 BEJ 2006 10/04/2016 C-1 Books  
  Dewey Decimal Classification     Fiction Central Library, University of Rajshahi Central Library, University of Rajshahi   26/12/2013 Prothoma Prokashon, dhaka 300.00   B 891.443 BEJ 2006 11/04/2016 C-2 Books  
  Dewey Decimal Classification     Fiction Central Library, University of Rajshahi Central Library, University of Rajshahi   26/12/2013 Prothoma Prokashon, dhaka 300.00 1 B 891.443 BEJ 2006 08/10/2016 C-3 Books 29/08/2016
  Dewey Decimal Classification     Non-fiction Central Library, University of Rajshahi Central Library, University of Rajshahi   30/03/2017 Biddashagor, Rajshahi 300.00   B 891.443 BEJ 2006 18/03/2018 C-4 Books  
  Dewey Decimal Classification     Non-fiction Central Library, University of Rajshahi Central Library, University of Rajshahi   30/03/2017 Biddashagor, Rajshahi 300.00   B 891.443 BEJ 2006 18/03/2018 C-5 Books  
  Dewey Decimal Classification     Non-fiction Central Library, University of Rajshahi Central Library, University of Rajshahi   30/03/2017 Biddashagor, Rajshahi 300.00   B 891.443 BEJ 2006 18/03/2018 C-6 Books